000 00401nam a22001577a 4500
020 _a978-93-83760-23-7
082 _a823
_bGEO/B
100 _aGEORGE, BEENA
245 _aBEAUTY AND THE BEAST
_bCLASSIC STORY
246 _aBEAUTY AND THE BEAST
_bCLASSIC STORY
260 _aTHRISSUR
_bH & C PUBLISHING HOUSE
_c2018
300 _a48
520 _aCLASSIC STORY
650 _aCLASSIC STORY
942 _cBK
999 _c2883
_d2883